Nuevos colonialismos del capital: propiedad intelectual, biodiversidad y derechos de los pueblos /

Salvato in:
Dettagli Bibliografici
Autore principale: Sánchez Rubio, David
Altri autori: Solórzano Alfaro, Norman J.
Natura: testo
Soggetti:
Tags: Aggiungi Tag
Nessun Tag, puoi essere il primo ad aggiungerne!!

MARC

LEADER 00000 a a2200000 04500
001 11796
003
040
100 |a Sánchez Rubio, David  
245 |a Nuevos colonialismos del capital:   |b propiedad intelectual, biodiversidad y derechos de los pueblos /  |c David Sánchez Rubio, Norman J. Solórzano Alfaro 
650 |a PROPIEDAD INTELECTUAL  
650 |a BIODIVERSIDAD  
650 |a CAPITALISMO  
650 |a DERECHOS HUMANOS  
650 |a VIDA  
700 |a Solórzano Alfaro, Norman J.  
773 |g número 111; páginas 23-33  
999 |c 26447  |d 26447 
773 0 |0 41641  |9 2445  |a Departamento Ecuménico de Investigaciones (DEI)  |d San José, Costa Rica Departamento Ecuménico de Investigaciones (DEI)  |o 20197  |t Pasos /